Journal of the Institute of Actuaries (1866-1867)

محفوظ في:

التنسيق: دورية

اللغة: Undetermined

منشور في: JSTOR
Cambridge University Press

الموضوعات:

الوصول للمادة أونلاين: Login to view Source

الوسوم: إضافة وسم

لا توجد وسوم, كن أول من يضع وسما على هذه التسجيلة!

رقم الطلب:

LEADER 00562nas a2200181Ia 4500
008 220214c99999999xx |||||||||||| ||und||
022 |a 2046-1666 
245 0 0 |a Journal of the Institute of Actuaries (1866-1867) 
264 1 |b JSTOR 
264 1 |b Cambridge University Press 
362 0 |a Vol. 13(1866)-13 (1867) 
653 1 0 |a Business & Economics 
653 1 0 |a Economics 
653 1 0 |a Finance 
856 4 0 |u https://www.jstor.org/journal/jinstact 
942 |c JL 
952 |0 0  |1 0  |4 0  |7 1  |9 35900  |a JSR  |b JSR  |d 2022-02-14  |l 0  |r 2022-02-14 00:00:00  |w 2022-02-14  |y JL 
999 |c 44233  |d 44233